[Event "Rohde op 07th"]
[Site "Sautron"]
[Date "2007.11.01"]
[Round "7"]
[White "Bogner, Sebastian"]
[Black "Potkin, Vladimir"]
[Result "0-1"]
[WhiteElo "2383"]
[BlackElo "2612"]
[Annotator "RR"]
[PlyCount "100"]
[EventDate "2007.10.27"]
[EventType "swiss"]
[EventRounds "9"]
[EventCountry "FRA"]
[SourceTitle "EXT 2008"]
[Source "ChessBase"]
[SourceDate "2007.11.25"]
[SourceVersion "1"]
[SourceVersionDate "2007.11.25"]
[SourceQuality "1"]

1. Nf3 Nf6 2. c4 e6 3. Nc3 d5 4. d4 c6 5. cxd5 {[%csl Rf3]} exd5 6. Bg5 h6 7.
Bh4 Bf5 $1 $11 {L'inconvénient de jouer la variante d'échange avec Nf3 avant
Qc2 ou Bd3 se fait sentir} 8. e3 Nbd7 9. Bd3 Bxd3 10. Qxd3 Bd6 {Plus ambitieux
que Be7} ({RR} 10... Be7 11. O-O-O ({RR} 11. O-O O-O 12. a3 ({RR} 12. Rab1 a5
13. Qc2 Ne8 14. Bxe7 Qxe7 15. Na4 Nd6) ({RR} 12. h3 Ne8 13. Bxe7 Qxe7 14. a3
Nd6 15. b4 a6 16. Na4 Nc4 17. Nc5 b5) 12... a5 13. Qc2 Ne8 14. Bxe7 Qxe7 15.
Rab1 Nd6 16. Nd2 f5 17. b4 axb4 18. axb4 b5) 11... O-O 12. Bxf6 Nxf6 13. Rhg1
Bb4 14. Kb1 Re8 15. g4 Bxc3 16. Qxc3 Ne4 17. Qe1 Rc8 18. h4 Qf6 19. Qe2 c5) 11.
O-O ({RR} 11. O-O-O Bb4 ({RR} 11... Qa5 12. Kb1 O-O-O 13. Bxf6 Nxf6 14. Nd2
Rhe8 15. f3 Qc7 16. e4 dxe4 17. fxe4 Bb4 18. e5 Ng4 19. Rhf1 Qxe5) 12. Nd2 O-O
13. Kb1 Re8 14. Rc1 Nf8 15. f3 ({RR} 15. Qf5 Qd7 16. Qf3 Be7 17. h3 Ng6 18. Bg3
b6 19. Rhd1 Rac8 20. Nb3) 15... Rc8 16. Nb3 ({RR} 16. e4 dxe4 ({RR} 16... Ng6
17. Bxf6 Qxf6 18. e5 Qe6 19. g3 c5 20. f4 cxd4 21. Qxd4 Bxc3 ({RR} 21... Bc5
22. Qd3 d4 23. Nce4) 22. Rxc3 Rxc3 23. Qxc3 Qf5+ 24. Ka1 ({RR} 24. Qc2 Qxc2+
25. Kxc2)) ({RR} 16... Ne6 17. Bxf6 ({RR} 17. e5 g5 18. Bf2 ({RR} 18. Bxg5 hxg5
19. exf6 Qxf6 20. Nb3 Nf4) 18... Nh5 19. h4 Nhf4 20. Qf5 c5 21. hxg5 Qxg5 22.
Qxg5+ hxg5 23. Nb3 cxd4 ({RR} 23... c4 24. Na1 ({RR} 24. Nd2 Nxg2 25. Nxd5 Bxd2
26. Rc2 Bf4 27. Nf6+ Kg7 28. Nxe8+ Rxe8 29. d5 Nf8 30. Rxc4 Bxe5 31. Bxa7 Nf4)
24... Bxc3 25. Rxc3 Nxg2) 24. Nxd4 Nxd4 25. Bxd4 Bxc3 26. Rxc3) 17... Qxf6 18.
e5 Qd8 19. g3 c5 20. Ne2 Nxd4 21. Nxd4 cxd4 22. f4) 17. fxe4 Ng6 18. Bxf6 Qxf6
19. Rhf1 Qg5 20. g3 Rcd8 21. Rf5 Qe7 ({RR} 21... Ne5 22. Qe2 Qg4 23. Rxe5 Qxe2
24. Rxe8+ Rxe8 25. Nxe2 Bxd2 26. Rc2 Be3 27. e5 Rd8 28. Rc4 Kf8 29. Kc2 Ke7 ({
RR} 29... Bg5 30. Kd3 ({RR} 30. h4 Be7 31. Kd3 c5)) 30. Kd3)) 16... b6 17. a3
Be7 18. Rhd1 ({RR} 18. Rhe1 Ne6) 18... Qd7 19. Bf2 Red8 20. e4 ({RR} 20. g4 c5
21. Qc2) 20... dxe4 21. fxe4 c5 22. Qf3 c4 ({RR} 22... cxd4 23. Nxd4 Ng6 24.
Nf5 Qe6 25. Bd4) 23. Na1 ({RR} 23. Nd2 b5 ({RR} 23... Ne6 24. e5 Ng5 25. Qe2
Qf5+ 26. Ka1 Nd5 27. Nxd5 Rxd5 28. Rxc4)) 23... b5 24. Nc2 a5 25. e5 ({RR} 25.
Bh4 Ng6 26. Bxf6 Bxf6 27. Nd5 Rc6 28. Rf1 Bg5 29. Nce3 Nh4 30. Qf2 Qe8 31. e5
Bxe3 32. Nxe3 Rxd4 33. Nc2 Re4 34. g3 Ng6 35. Nd4 Rc8 36. e6 fxe6) 25... N6h7 {
Illescas Cordoba,M (2635)-Bareev,E (2665)/Ubeda 1997/CBM 058/[Tsesarsky]/1/2-1/
2 (42)} ({RR} 25... Nd5 26. Nxd5 Qxd5 27. Qxd5 Rxd5 28. Ne3 Rd7 29. a4) {RR}
26. Ne4 Ng6 ({RR} 26... b4 27. Nc5 Bxc5 28. dxc5 Qb5 29. Rxd8 ({RR} 29. Rd6 c3)
29... Rxd8 30. Nd4 Qa6 31. a4 Ng5 32. Qc6 Qxc6 33. Nxc6 Rd2 34. Bg3 Rxg2 35.
Rxc4 Nf3 36. Ka2 ({RR} 36. Rc2 Nd2+ ({RR} 36... Rg1+ 37. Ka2 Nd7 38. Nxa5 Ndxe5
39. c6) 37. Kc1 Nb3+ 38. Kd1 Rg1+ 39. Ke2 Rg2+ 40. Kd3 Rxc2 41. Kxc2 Nxc5 42.
Nxa5 Nxa4 43. Nc6 Ne6 44. Nxb4 Nd4+ 45. Kd3 Nf5 46. b3 Nc5+ 47. Kc4 Nxg3 48.
Kxc5 Ne4+ 49. Kd4 Nd2 50. Kc3 Nf3)) 27. Be1 Ng5 28. Nxg5 Bxg5 29. Bxa5 Bxc1 30.
Bxd8 Bxb2 31. Ba5 c3 32. Rd3) ({RR} 11. a3 a5 12. Ne2 O-O 13. O-O Re8 14. Rfc1
Ra6 15. Rc2 Qb8 16. Bg3 Ne4 17. Bxd6 Nxd6 18. Nd2 a4) 11... O-O 12. Rab1 a5 ({
RR} 12... Qe7 13. Rfe1 Qe6 14. Nd2 Rfe8 15. f3 Nf8 16. e4 dxe4 17. fxe4 Ng6 18.
Bxf6 gxf6 19. Qf3 Rad8 20. Nf1 Bc7 21. d5 Qe5 22. Ng3 Nh4 23. Qg4+ Qg5 24. Qh3
Ng6 25. Nf5 Nf4 26. Qg4 h5) 13. Qc2 $146 ({RR} 13. Rfe1 Re8 14. a3 a4 15. e4
dxe4 16. Nxe4 Be7 17. Ng3 Nd5 18. Bxe7 Rxe7 19. Rxe7 Qxe7 20. Re1 Qf6 21. Qd1
Qf4 22. Re4 Qc7 23. Ne5 N7f6 24. Re1 Ne7 25. Qf3 Rd8 26. Ne4 Ned5 27. Nc5 Nb6 {
Fahnenschmidt,G (2385)-Pelletier,Y (2470)/Steckborn 1997/EXT 1998/1/2-1/2 (37)}
) ({RR} 13. Ne2 Re8 ({RR} 13... Qe7 14. Bg3 Ne4 15. Bxd6 Qxd6 {RR} 16. Nd2 Rfe8
17. Nxe4 dxe4 18. Qb3 Nf6 19. Ng3 a4 20. Qc2 Nd5 21. a3 Qg6 22. b4 h5 23. Ne2
h4 24. h3 b5 25. Qc5 Re6 26. Nc3 Rd8 27. Rbe1 Rf6 28. Nd1 Rf5 29. Qc2 Rg5 30.
f3 exf3 {Mertanen,J-Volzhin,A (2425)/Jyvaskyla 1994/EXT 1997/0-1 (47)}) 14. Qc2
Qb6 15. Bg3 Ne4 16. Bxd6 Nxd6 17. Nf4 Re7 18. Rbc1 Rae8 19. Nd3 Ne4 20. Nd2 Nd6
21. Nf3 Ne4 22. Nd2) ({RR} 13. a3 a4 14. Qc2 Qa5 15. Bg3 Bxg3 16. hxg3 Rfe8 17.
Nd2 h5 18. Rfc1 g6 19. Ne2 Kg7 20. Nf4 Re7 21. Nf3 Ne4 22. b4 axb3 23. Rxb3 Nd6
24. Nh4 Nf8 25. Qe2 Qd8 26. g4 {1/2-1/2 Dobrov,V (2515)-Potkin,V (2557)/
playchess.com INT 2006/CBM 110 ext}) 13... Re8 14. a3 {[%cal Gb2b4]} Qe7 15.
Rfe1 Qe6 16. Nd2 Qg4 $1 $36 {[%cal Gg4h4]} 17. Bg3 Bxg3 (17... Bf8 {[%cal
Gh6h5,Gh5h4]} 18. f3 Qe6 19. e4 dxe4 20. Ndxe4 Qf5 {[%cal Gf5c2]}) 18. hxg3 Qe6
19. Rec1 Rec8 20. Na4 $1 {[%csl Gc5] Les blancs vont avoir une petite
initiative а l'aile-dame grâce а l'avantage d'espace.} Ne8 21. Nb3 Nd6 22. Nbc5
Nxc5 23. Qxc5 Ra6 24. Qc2 Qe7 25. Ra1 g6 26. Qc5 $11 Kg7 27. Qc2 h5 28. Nc5
Raa8 29. b3 Rh8 $1 {[%cal Gh5h4]} 30. Qe2 (30. Re1 {[%cal Ge3e4]} h4 31. e4 {
[%cal Ge1e7]} Rae8 $1) 30... h4 $36 31. g4 h3 $1 32. g3 Rae8 $17 33. Re1 b6 34.
Nd3 Ne4 35. Kh2 c5 36. Nf4 Ng5 37. f3 cxd4 38. Nxd5 Qc5 39. e4 Rc8 40. Ra2 Rhd8
41. Rd1 Rxd5 42. exd5 Qxd5 43. Rd3 a4 44. Rad2 axb3 45. f4 Rc1 46. Rd1 Rc2 47.
R1d2 Rxd2 48. Qxd2 Nf3+ 49. Rxf3 Qxf3 50. Qxd4+ Kh7 0-1

[Event "Sautron op 14th"]
[Site "Sautron"]
[Date "2014.10.26"]
[Round "2"]
[White "Nguyen, Chi Minh"]
[Black "Koziak, Vitali"]
[Result "1/2-1/2"]
[WhiteElo "2343"]
[BlackElo "2456"]
[Annotator "RR"]
[PlyCount "52"]
[EventDate "2014.10.26"]
[EventType "swiss"]
[EventRounds "9"]
[EventCountry "FRA"]
[SourceTitle "EXT 2015"]
[Source "ChessBase"]
[SourceDate "2014.11.20"]
[SourceVersion "1"]
[SourceVersionDate "2014.11.20"]
[SourceQuality "1"]
[TimeControl "40/5400+30:1800+30"]

1. d4 {[%emt 0:00:00] Les MI sont appariés ensemble dès la ronde 2} d5 {
[%emt 0:00:00]} 2. c4 {[%emt 0:00:08]} e6 {[%emt 0:00:00]} 3. Nc3 {[%emt 0:00:
56]} Nf6 {[%emt 0:00:03]} 4. cxd5 {[%emt 0:01:06]} exd5 {[%emt 0:00:20]} 5. Bg5
{[%emt 0:00:08]} c6 {[%emt 0:00:36]} 6. e3 {[%emt 0:01:22]} Bf5 {[%emt 0:05:58]
} 7. Qf3 $5 {[%emt 0:04:14]} Be6 {[%emt 0:00:07]} (7... Bg6 {La grande ligne
donne une finale favorable aux Blancs} 8. Bxf6 Qxf6 9. Qxf6 gxf6 10. h4 $14 {
Mamedyarov,S (2765)-Bruzon Batista,L (2673) Baku op-A 2011 (9) 1/2}) 8. Bxf6 {
[%emt 0:00:56]} Qxf6 {[%emt 0:00:07]} 9. Qxf6 {[%emt 0:00:19]} gxf6 {[%emt 0:
00:02]} 10. Bd3 {[%emt 0:02:15]} (10. Nf3 Nd7 11. Bd3 Nb6 12. O-O-O Nc8 13. Ne2
Nd6 14. Ng3 Be7 15. Nh4 Kd7 16. Nhf5 Nxf5 17. Nxf5 Bf8 18. h4 Rg8 19. Rhg1 Kc7
20. Kd2 b6 21. Ng3 Bb4+ 22. Kc1 Bd6 23. Nh5 Bh2 24. Nxf6 Bxg1 25. Rxg1 Rg7 26.
g4 h6 27. f4 Rh8 28. f5 Bc8 29. Rf1 Kd6 30. Rf4 c5 31. Bb5 cxd4 32. exd4 Ke7
33. Nxd5+ Kd8 34. Nf6 Bb7 35. d5 a6 36. Ba4 b5 37. Bb3 Kc7 38. Kd2 Kd6 39. Ke3
Ke5 {Grachev,B (2680)-Bezgodov,A (2508) Tyumen 2012 1-0 (67)}) 10... Nd7 {
[%emt 0:00:37]} 11. Nge2 {[%emt 0:03:55]} (11. Nf3 {[%cal Gf3h4,Gh4f5]} Nb6 12.
O-O-O $14 {Karpov,A (2725)-Vaganian,R (2625) URS-ch55 Moscow 1988 (15) 1/2})
11... Bd6 {[%emt 0:02:10]} 12. f3 {[%emt 0:15:52][%cal Ge3e4]} Nb6 $11 {
[%emt 0:04:23][%csl Rb2,Re3][%cal Gb6c4]} (12... f5 13. Kf2 h5 14. h4 O-O-O 15.
Rac1 Kb8 16. Na4 Rc8 17. Nc5 b6 18. Nxd7+ Bxd7 19. f4 Rcg8 20. Ng3 Rg4 21. Be2
Rg6 22. Bf3 Be7 23. a3 a5 24. Rh3 Rgh6 25. Rc2 Bc8 26. Be2 Rg8 27. Rc1 Bd7 28.
Nxh5 c5 29. Bf3 Be6 30. Ke2 c4 31. a4 b5 32. axb5 Ka7 33. Kd2 Kb6 34. Kc2 a4
35. Ng3 Rxh4 36. Rxh4 Bxh4 37. Ne2 a3 38. bxa3 Ra8 39. Ra1 Kxb5 40. Nc3+ Kc6
41. a4 Bf2 42. Kd2 {Braun,A (2480)-Reuss,A (2356) Germany 2005 1-0 (62)}) 13.
Kf2 {[%emt 0:02:52]} (13. e4) 13... Ke7 {[%emt 0:05:02]} 14. h4 {[%emt 0:11:08]
} a5 {[%emt 0:07:56]} 15. a4 {[%emt 0:04:04]} (15. e4 Rag8) 15... Rag8 {
[%emt 0:01:14]} 16. Nf4 {[%emt 0:03:45]} h6 {[%emt 0:24:01]} 17. Rhc1 {[%emt 0:
13:57]} Rd8 {[%emt 0:05:37]} 18. Nce2 {[%emt 0:02:39]} Nc8 {[%emt 0:03:38]} 19.
g4 {[%emt 0:03:35]} Bc7 {[%emt 0:05:17]} 20. Ng3 $1 {[%emt 0:03:01][%csl Gf5]}
Nd6 $1 {[%emt 0:00:36] Ce fort Nd6 tient la position Noire et malgré
l'avantage d'espace et la meilleure scructure, les Blancs ont du mal à
progresser} 21. Rc3 {[%emt 0:01:23]} Rhg8 {[%emt 0:02:55]} 22. Rac1 {[%emt 0:
01:53]} Bb6 {[%emt 0:02:40]} 23. Bh7 {[%emt 0:05:20]} (23. Rb3 $5 Bc7 24. Nf5+
Bxf5 25. Bxf5 $14 {[%csl Rb7,Rf6,Rf7,Rh6]}) 23... Rh8 {[%emt 0:02:25]} 24. Bf5
{[%emt 0:01:32]} Rhg8 {[%emt 0:05:04]} 25. Bh7 {[%emt 0:02:12]} Rh8 {[%emt 0:
00:13]} 26. Bd3 {[%emt 0:00:50]} Rhg8 {[%emt 0:00:56]} 1/2-1/2

[Event "Vandoeuvre op 11th"]
[Site "Vandoeuvre"]
[Date "2014.12.29"]
[Round "8"]
[White "Wagner, Dennis"]
[Black "Savina, Anastasia"]
[Result "1/2-1/2"]
[WhiteElo "2488"]
[BlackElo "2397"]
[Annotator "RR"]
[PlyCount "62"]
[EventDate "2014.12.26"]
[EventType "swiss"]
[EventRounds "9"]
[EventCountry "FRA"]
[SourceTitle "EXT 2017"]
[Source "ChessBase"]
[SourceDate "2016.10.25"]
[SourceVersion "1"]
[SourceVersionDate "2016.10.25"]
[SourceQuality "1"]

1. d4 {90} Nf6 2. c4 e6 3. Nc3 d5 4. cxd5 Nxd5 {Un ordre de coups assez rare
mais la partie va ensuite transposer dans une semi-Tarrasch} (4... exd5) 5. e4
(5. Nf3 c5 6. e3 {L'option supplémentaire laissée en jouant le coup
intermédiaire Nf3} (6. e4)) 5... Nxc3 6. bxc3 c5 {Transposant dans une grande
ligne réhabilitée récemment par Kramnik} 7. Rb1 $5 {La préparation de
l'allemand} (7. Nf3 {La grande ligne} cxd4 8. cxd4 Bb4+) (7. a3 cxd4 8. cxd4 e5
{Muzychuk,M (2484)-Savina,A (2368) EU-ch (Women) 14th 2013 (7) 1-0}) 7... cxd4
8. cxd4 Nc6 9. Bb5 Bd7 10. Nf3 {89} Bb4+ 11. Bd2 Bxd2+ 12. Qxd2 O-O {Plus
prudent que la réponse Qa5 donnant des positions compliquées mais assez
douteuses pour les Noirs} (12... Qa5 $143 13. d5 $1 exd5 $6 (13... Qxd2+ $142
14. Kxd2 Na5 (14... Nd8 {Cramling,P (2545)-Vaisser,A (2565) EU-ch Rapid-30'
1996 1-0}) 15. Bxd7+ Kxd7 16. Ne5+ Ke7 17. d6+ $1 Kf6 18. Rb5 b6 19. f4 $36)
14. exd5 Qxd2+ 15. Kxd2 O-O-O 16. dxc6 $18 {Vitiugov,N (2742)-Simonian,H (2445)
St Petersburg Summer rapid 2014 (3) 1-0}) 13. O-O {90} b6 $146 (13... Rc8 14.
Rfe1 Ne7 15. Bd3 Bc6 16. h4 (16. d5 $5 $146 {Un sacrifice thématique dans ce
genre de structure comme dans la fameuse partie Polou-Tal} exd5 17. e5 Qd7 18.
Ng5 $44) 16... b6 17. h5 h6 18. Qf4 $14 {Sokolov,I (2570)-Miles,A (2500)
OHRA-B Amsterdam 1988 1/2}) 14. d5 $5 {Après 22 mns de réflexion, les Blancs
décident de prendre de l'espace mais au risque d'affaiblir le centre et c'est
une position critique} Na5 15. Bxd7 (15. Bd3 $5 {Il semble plus naturel
d'éviter les échanges qui doivent favoriser les Noirs} exd5 16. exd5 Rc8 17.
Qf4 (17. Rfe1)) 15... Qxd7 16. d6 $5 {Probablement l'idée sous-jacente à
l'échange Bd7} Nc4 17. Qd4 {57} b5 $1 {Protège le N tout en mobilisant la
majorité.} 18. Rbd1 (18. e5 {[%csl Gd6]}) (18. Rfd1 Rad8 19. e5 f6 20. exf6
Rxf6 21. a4 {L'ordre de coups est plus favorable aux Blancs par rapport à la
partie.}) 18... Rad8 19. e5 f6 $1 {Il faut miner le centre avant que les
Blancs n'aient le temps de le renforcer.} 20. exf6 {37} Rxf6 21. a4 $1 a6 22.
axb5 axb5 23. Ne5 $1 Qxd6 24. Qxd6 Rxd6 25. Nxc4 Rxd1 26. Rxd1 bxc4 27. Rd4 $1
(27. Rc1 Rf4) 27... Rf5 28. Rxc4 $11 Kf7 29. f3 Ra5 30. Rc2 Kf6 31. Kf2 Rh5
1/2-1/2

[Event "Rohde op 07th"]
[Site "Sautron"]
[Date "2007.10.31"]
[Round "6"]
[White "Ivanov, Jordan"]
[Black "Dobrev, Nanko"]
[Result "1/2-1/2"]
[WhiteElo "2370"]
[BlackElo "2448"]
[Annotator "RR"]
[PlyCount "115"]
[EventDate "2007.10.27"]
[EventType "swiss"]
[EventRounds "9"]
[EventCountry "FRA"]
[SourceTitle "EXT 2008"]
[Source "ChessBase"]
[SourceDate "2007.11.25"]
[SourceVersion "1"]
[SourceVersionDate "2007.11.25"]
[SourceQuality "1"]

1. d4 Nf6 2. c4 e6 3. Nc3 Bb4 4. Qc2 d5 (4... O-O) (4... c5) 5. cxd5 (5. a3
Bxc3+ 6. Qxc3 Ne4 7. Qc2 c5 (7... Nc6)) 5... exd5 6. Bg5 h6 (6... c5 $5 {
Une variante trés tactique où les noirs ont un bon jeu de pièces.} 7. dxc5 h6
8. Bh4 g5 9. Bg3 Ne4 10. e3 Qa5 (10... Qf6 11. Bb5+) 11. Nge2 Bf5 $1 {[%cal
Gf5c2]}) 7. Bh4 (7. Bxf6 Qxf6 8. a3 Bxc3+ 9. Qxc3 O-O) 7... c6 8. e3 Nbd7 (8...
O-O 9. Bd3) 9. Bd3 O-O 10. Nge2 {La position ressemble а une variante
d'échange du gambit-dame mais avec un Bb4 au lieu de Be7 ou Bd6} (10. Nf3)
10... Re8 11. O-O-O $5 {Les noirs sont souvent obligés de recycler le Bb4 vers
e7 car il pourrait gêner la poussée b5b4 et l'attaque blanche а l'aile-roi
devrait être plus rapide} (11. O-O) (11. h3 $5 {[%cal Ge1g1,Ge1c1] Peut-être
plus souple en gardant les deux options pour le roque}) 11... Nf8 {[%cal Gf8g6,
Gg6h4,Gc8e6]} 12. h3 Be6 (12... Be7 13. g4 b5 14. Rdg1 $36) 13. f4 $5 $146 ({RR
} 13. Kb1 Be7 14. Bg3 Rc8 15. Nf4 Qa5 16. Nxe6 Nxe6 17. Qa4 Bb4 18. Qxa5 Bxa5
19. Ne2 Bc7 20. Rd2 Ng5 {1/2-1/2 Soos,B-Kolarov,A/Havana 1966/MCD}) 13... Rc8 {
[%cal Gc8c2,Gc6c5]} (13... c5 14. f5) 14. Kb1 c5 15. f5 $14 cxd4 $1 16. exd4
Bd7 17. Qb3 (17. Bxf6 Qxf6 18. Nxd5 $1 {[%cal Gd5b4,Gd5f6]} Qg5 19. Nec3 $16 {
[%cal Gf5f6]}) 17... Bxc3 18. Nxc3 Bc6 19. Rhe1 $16 {[%csl Rc6,Gd3,Rd5,Ge5,Gh4]
} N8h7 20. Re5 $1 {[%csl Ge5]} Ng5 21. Rde1 Qa5 22. Rxe8+ (22. Bxg5 hxg5 $11)
22... Rxe8 23. Rxe8+ Nxe8 24. Bg3 {[%csl Gg3]} Nf6 25. Bd6 (25. Be5) 25... Nge4
26. Qb4 Qxb4 27. Bxb4 Bd7 28. g4 Nf2 29. Be2 (29. Bf1 h5 $1) 29... Nxh3 30. Be7
Ne4 31. Nxd5 Ng1 32. Bd1 Nf2 $1 {les blancs perdent la paire de B et les noirs
sont ok} 33. Kc1 h5 $1 34. gxh5 Nxd1 35. Kxd1 Bxf5 36. Ne3 Bd7 37. d5 Nh3 38.
Bd6 f6 39. Kd2 Nf2 40. Bb8 a6 41. Ke2 Ng4 42. Ng2 Kf7 43. Nf4 Ne5 44. b4 Bg4+
45. Ke3 Nf3 46. a4 Ke7 47. a5 (47. b5) 47... Ng1 48. Kf2 Nh3+ 49. Nxh3 Bxh3 50.
Bf4 Kf7 51. Kf3 Bf5 52. Kg3 Be4 53. d6 Ke6 54. Kg4 Bc2 55. Kg3 Be4 56. Kg4 Bd3
57. Kg3 Bc2 58. Kf2 1/2-1/2

[Event "FRA-chT Top 12"]
[Site "Montpellier"]
[Date "2015.06.05"]
[Round "6.1"]
[White "Giri, Anish"]
[Black "Fressinet, Laurent"]
[Result "1-0"]
[WhiteElo "2776"]
[BlackElo "2712"]
[Annotator "Ramirez Alvarez,A"]
[PlyCount "81"]
[EventDate "2015.05.30"]
[EventType "team-tourn"]
[EventRounds "11"]
[EventCountry "FRA"]
[SourceTitle "CBM 166 Extra"]
[Source "ChessBase"]
[SourceDate "2015.06.18"]
[SourceVersion "1"]
[SourceVersionDate "2015.06.18"]
[SourceQuality "1"]
[WhiteTeam "Bischwiller"]
[BlackTeam "Clichy-Echecs 92"]
[WhiteTeamCountry "FRA"]
[BlackTeamCountry "FRA"]

1. c4 e6 2. Nc3 d5 3. d4 Nf6 4. cxd5 exd5 5. Bg5 {The exchange Queen's Gambit
Declined is getting a solid reputation, even at the top levels of chess. It
was scorned for several years as White was supposed to have a slight advantage
from almost every line, but lately it seems that Black's chances of holding
are increasing and increasing.} Be7 6. e3 c6 7. Bd3 Nbd7 8. Nge2 {White has
two main development patterns: Nf3 or Ne2, and the position of the knight
usually changes his plans completely. The famous "minority attack" on the
queenside is much more likely to happen with the knight on f3, as on e2 it
does not support the attack well (on f3 it can at least go to e5 and pressure
c6). Here White will probably go f3-e4 at some point.} h6 9. Bh4 Nh5 {All the
ideas with Nh5 are the reason the exchange variation is gaining some momentum
for the black players.} 10. Bxe7 Qxe7 11. O-O O-O 12. Qd2 Re8 13. Rae1 Nb6 14.
Nc1 (14. Nf4 $5 Nxf4 15. exf4 Qd6 16. Re5 {Giri}) 14... Qg5 $146 (14... Nf6 15.
f3 c5 16. Qf2 Bd7 17. dxc5 Qxc5 18. Nb3 Qb4 19. Rc1 Rac8 20. Rfd1 a5 21. e4 a4
22. Qd4 Qxd4+ 23. Nxd4 dxe4 24. Nxe4 Nxe4 25. Bxe4 Rxc1 26. Rxc1 Bc8 27. Kf2
Kf8 28. Rc5 Rd8 29. Ke3 g6 30. g4 Ke7 31. Kd3 Kd6 32. Rb5 Nd7 33. Rd5+ Ke7 34.
Rb5 Kd6 35. Kc4 Kc7 36. a3 Nb6+ 37. Kc3 Bd7 38. Rc5+ Kd6 39. Kb4 Rb8 40. Nb5+
Ke7 41. Nd4 Nc8 42. Nb5 Kd8 43. h4 b6 44. Rc1 {Oms Pallisse,J (2440)
-Khurtsidze,N (2375) Groningen 1998 1/2-1/2 (79)}) 15. f3 {White's plan isn't
subtle: f3, e4 and take control of the center. Black has a few ways to play
against this. In the old days it was recommended to play c5 early, but this
isn't the best when the dark-squared bishops have already been traded.} Bf5 16.
Bxf5 Qxf5 17. e4 Nc4 $1 {Anice intermediate move. Taking on f5 just ruins
White's structure, so the queen has to move to a palce where it does not cover
g5.} 18. Qe2 Qg5 {Now Nf4 can be annoying,} 19. Qf2 Nf4 20. Kh1 Qd8 21. e5 {
White has gained some space, but Black's knight are well positioned and there
is a real chance to blockade White's advances.} c5 $6 {The idea of opening the
position is not the most accurate. Fressinet should have kept waiting.} (21...
Rc8) 22. b3 $1 cxd4 23. Qxd4 Qg5 24. g3 Ne6 25. Qf2 Nb6 {Black has been driven
back, and Giri wastes no time.} 26. f4 $16 {[%csl Ge5,Gf4][%cal Gf4f5,Gf5f6]}
Qe7 27. f5 Ng5 28. Qd4 Rac8 29. Nd3 Red8 30. Nb5 $1 Nc4 $5 {Fressinet was
feeling the pressure and he decided to liquidate some pieces with some tactics,
but Giri was having none of it.} 31. Nf4 (31. bxc4 dxc4 32. Nd6 $1 cxd3 33. h4
$1 $18 (33. Nxc8 Qe8 $1 {Is almost brilliant. The strong threats of Qc6 and
Rxc8 give White a bad position.})) 31... Na3 32. Nd6 $1 {Nicely calculated
from Giri.} Nc2 (32... Rc7 33. Nxd5 {is beyond hopeless.}) 33. Nxc8 Qd7 34. Qd1
Rxc8 (34... Nxe1 35. Nd6 {and Black's knight finds itself trapped on e1!} Nef3
36. Rxf3 Nxf3 37. Qxf3 $18) 35. Qxd5 $1 $18 Qxf5 (35... Qxd5+ 36. Nxd5 {
and Black has no time to take on e1 due to threat of Ne7+, picking up the rook
on c8.}) 36. e6 $1 fxe6 37. Rxe6 {It seems like White's pieces are hanging,
but everything is under control.} Qxd5+ 38. Nxd5 Kh7 (38... Nxe6 39. Ne7+ Kh7
40. Nxc8 {is resignable, the exchange is too much.}) 39. Re7 Nd4 40. Rc7 Rd8
41. Nf4 {Black has no compensation for the lost exchange and simply resigned.}
1-0

[Event "EU-Cup 22nd"]
[Site "Fuegen"]
[Date "2006.10.08"]
[Round "1.3"]
[White "Thorfinnsson, Bjorn"]
[Black "Najer, Evgeniy"]
[Result "0-1"]
[WhiteElo "2317"]
[BlackElo "2648"]
[Annotator "Reeh,O"]
[PlyCount "44"]
[EventDate "2006.10.08"]
[EventType "team-swiss"]
[EventRounds "7"]
[EventCountry "AUT"]
[SourceTitle "CBM 115"]
[Source "ChessBase"]
[SourceDate "2006.11.15"]
[SourceVersion "1"]
[SourceVersionDate "2006.11.15"]
[SourceQuality "1"]
[WhiteTeam "Reykjavik Hellir"]
[BlackTeam "Saransk"]
[WhiteTeamCountry "ISL"]
[BlackTeamCountry "RUS"]

1. d4 d5 2. c4 c6 3. Nf3 Nf6 4. Nc3 e6 5. cxd5 exd5 6. Bg5 h6 7. Bh4 Bf5 8. e3
Nbd7 9. Bd3 Bxd3 10. Qxd3 Be7 11. O-O O-O 12. Nd2 Re8 13. f3 c5 14. Bf2 a6 15.
e4 cxd4 16. Nxd5 Nxd5 17. exd5 Nf6 18. Qxd4 Qxd5 19. Rfd1 Qf5 20. Nc4 Rac8 21.
b3 Bc5 22. Qd3 $4 ({Following Nach} 22. Qd2 {the position would be level. wäre
die Stellung ausgeglichen.}) {[%tqu "En","Why was White's last move a
blunder?","The bishop on f2 is pinned by its counterpart on c5, and the rook
on d1 has to guard the queen on d3.","This means that one square, which seems
to be covered twice, is not protected at all...","e8e1","Simple, but nice -
White loses the queen.",10,"De","Der letzte weiße Zug ein grober Fehler,
warum?","Der Läufer f2 ist von seinem Gegenüber auf c5 gefesselt, und der Turm
muss die Dame auf d3 decken.","Damit ist ein Feld, das zweimal gedeckt scheint,
in Wirklichkeit überhaupt nicht geschützt...","e8e1","Einfach, aber schön -
Weiß verliert die Dame.",10]} 22... Re1+ $1 {and White resigned, as he loses
his queen. und Weiß gab auf, denn er verliert die Dame.} 0-1